Bardejov a okolie = Bardejov et ses environs = Bardejov i okresnosti /
Na minha lista:
| Outros Autores: | |
|---|---|
| Formato: | Livro |
| Idioma: | eslovaco francês russo |
| Publicado em: |
Bardejov :
Mesto Bardejov vo Vydavateľstve ARS MONUMENT - Margita Šukajlová,
1997
|
| Edição: | 1. vydanie |
| Assuntos: | |
| Tags: |
Sem tags, seja o primeiro a adicionar uma tag!
|
MARC
| LEADER | 00000nam a22000003a 4500 | ||
|---|---|---|---|
| 001 | 0065092 | ||
| 003 | SK-STU | ||
| 005 | 20190410171103.9 | ||
| 007 | ta | ||
| 008 | 180517s ----xo-----e------000-0-----d | ||
| 020 | |a 80-901174-9-X | ||
| 040 | |a STU |b slo | ||
| 041 | 0 | |a slo |a fre |a rus | |
| 044 | |a xo | ||
| 100 | 1 | |a Šukajlová, Margita |4 edt | |
| 245 | 1 | 0 | |a Bardejov a okolie = Bardejov et ses environs = Bardejov i okresnosti / |c ed. Margita Šukajlová |
| 250 | |a 1. vydanie | ||
| 260 | |a Bardejov : |b Mesto Bardejov vo Vydavateľstve ARS MONUMENT - Margita Šukajlová, |c 1997 | ||
| 300 | |a 96 s. | ||
| 650 | 0 | 7 | |a mesto |
| 650 | 0 | 7 | |a Bardejovské kúpele |
| 650 | 0 | 7 | |a vývoj stavby miest |
| 650 | 0 | 7 | |a pamiatky architektonické |
| 650 | 0 | 7 | |a história |
| 650 | 0 | 7 | |a námestie |
| 996 | |b 284AU07446 |c A* 10695/U |l AAKNAR |s A |a 24 |w 0065092_0001 | ||